000 00720nac a22002890a 4500
001 UByD001751
003 AR-LpoUNG
005 20230726232636.0
008 230726s2017||||ag |||||||||||||||||spa d
020 _a9789877383317
040 _aAR-LpoUNG
_bspa
_eaacr
041 1 _aspa
044 _aag
082 0 _a808.068 3 51dia
100 1 _aKincaid, S.J.
245 1 0 _aDiabólica
250 _a1a. ed.
260 _aBuenos Aires :
_bAlfaguara,
_c2017.
300 _a432 p.
505 0 _aSugerido a partir de 14 años (etiqueta VERDE)
650 4 _aLITERATURA
650 4 _aNOVELAS
653 _aLITERATURA INFANTOJUVENIL
700 1 _aBarguñó, Alfonso
_etr.
905 _a43424
942 _cLIB
_2ddc
999 _c64264
_d64264